|
|
|
|
| LEADER |
01531nam a2200433 a 4500 |
| 001 |
000653557 |
| 003 |
CZ BrMZK |
| 005 |
20210901141422.0 |
| 007 |
ta |
| 008 |
030213s2002 xr f cze d |
| 015 |
|
|
|a cnb001203191
|
| 020 |
|
|
|a 80-86351-05-X
|q (brož.)
|
| 040 |
|
|
|a BOA001
|b cze
|
| 043 |
|
|
|a a------
|a f------
|
| 080 |
|
|
|a (6)
|2 MRF
|
| 080 |
|
|
|a (0.062)
|2 MRF
|
| 080 |
|
|
|a 641/642
|2 MRF
|
| 080 |
|
|
|a 395
|2 MRF
|
| 080 |
|
|
|a 39
|2 MRF
|
| 080 |
|
|
|a (5)
|2 MRF
|
| 100 |
1 |
|
|a Ječný, Dobromil,
|d 1917-2009
|7 jk01051375
|4 aut
|
| 245 |
1 |
0 |
|a Gastronomický a společenský průvodce světem.
|n II.,
|p Afrika a Asie /
|c Dobromil Ječný, Vlasta Gregorová
|
| 246 |
3 |
0 |
|a Afrika a Asie
|
| 250 |
|
|
|a 1. vyd.
|
| 260 |
|
|
|a Úvaly :
|b Ratio,
|c [2002]
|
| 300 |
|
|
|a 233 s. :
|b il. ;
|c 21 cm
|
| 650 |
0 |
7 |
|a stolování
|7 ph126117
|z Asie
|2 czenas
|
| 650 |
0 |
7 |
|a stolování
|7 ph126117
|z Afrika
|2 czenas
|
| 650 |
0 |
7 |
|a společenské chování
|7 ph125923
|z Asie
|2 czenas
|
| 650 |
0 |
7 |
|a společenské chování
|7 ph125923
|z Afrika
|2 czenas
|
| 650 |
0 |
7 |
|a zvyky a obyčeje
|7 ph137519
|z Asie
|2 czenas
|
| 650 |
0 |
7 |
|a zvyky a obyčeje
|7 ph137519
|z Afrika
|2 czenas
|
| 650 |
0 |
7 |
|a gastronomie
|7 ph120473
|z Asie
|2 czenas
|
| 650 |
0 |
7 |
|a gastronomie
|7 ph120473
|z Afrika
|2 czenas
|
| 655 |
|
7 |
|a populárně-naučné publikace
|7 fd131864
|2 czenas
|
| 700 |
1 |
|
|a Gregorová, Vlasta,
|d 1920-
|7 jk01032646
|4 aut
|
| 910 |
|
|
|a BOA001
|b 2-1065.579,2
|
| 990 |
|
|
|a BK
|
| 996 |
6 |
|
|b 2610181726
|c 2-1065.579,2
|l MZK
|r Sklad / do 1 hodiny
|n 7
|p p.v.
|w 000653557
|u 000010
|a 1
|e BOA001
|j MZK50
|s P
|